[Event "45th FIDE Chess Olympiad Open"]
[Site "Budapest, Hungary"]
[Date "2024.09.20"]
[Round "9"]
[White "Edwards, Emar"]
[Black "Mtsetfwa Philani"]
[Result "1-0"]
[Board "312"]
[WhiteFideId "11103345"]
[BlackFideId "20701730"]
[WhiteElo "1898"]
[BlackElo "1688"]
[WhiteTeam "Barbados"]
[BlackTeam "Eswatini"]
[WhiteClock "0:01:00"]
[BlackClock "0:00:36"]
[Variant "Standard"]

1. d4 {[%clk 1:30:55]}  Nf6 {[%clk 1:30:54]} 2. Nc3 {[%clk 1:31:08]}  d5 {[%clk 1:31:05]} 3. Bf4 {[%clk 1:31:32]}  Bf5 {[%clk 1:28:50]} 4. e3 {[%clk 1:31:57]}  e6 {[%clk 1:27:45]} 5. Nf3 {[%clk 1:32:23]}  Bd6 {[%clk 1:23:56]} 6. Ne5 {[%clk 1:32:07]}  Nbd7 {[%clk 1:21:59]} 7. Bd3 {[%clk 1:32:25]}  Ne4 {[%clk 1:17:45]} 8. O-O {[%clk 1:18:23]}  Bxe5 {[%clk 1:11:15]} 9. dxe5 {[%clk 1:13:46]}  Nxc3 {[%clk 1:01:28]} 10. bxc3 {[%clk 1:14:11]}  g5 {[%clk 0:59:01]} 11. Bg3 {[%clk 1:13:40]}  Bxd3 {[%clk 0:54:02]} 12. cxd3 {[%clk 1:13:27]}  h5 {[%clk 0:50:46]} 13. f4 {[%clk 1:12:32]}  h4 {[%clk 0:45:37]} 14. Be1 {[%clk 1:09:13]}  gxf4 {[%clk 0:43:47]} 15. exf4 {[%clk 1:08:41]}  Qe7 {[%clk 0:41:27]} 16. Qa4 {[%clk 1:05:15]}  a6 {[%clk 0:31:57]} 17. Rb1 {[%clk 1:02:45]}  O-O-O {[%clk 0:28:49]} 18. Bf2 {[%clk 1:00:17]}  Rdg8 {[%clk 0:24:40]} 19. Kh1 {[%clk 0:56:20]}  f5 {[%clk 0:16:48]} 20. Rb2 {[%clk 0:54:02]}  Qg7 {[%clk 0:08:11]} 21. Be3 {[%clk 0:50:31]}  Rh7 {[%clk 0:05:27]} 22. c4 {[%clk 0:47:31]}  Qg3 {[%clk 0:04:30]} 23. Re2 {[%clk 0:32:00]}  Qg4 {[%clk 0:03:02]} 24. Rff2 {[%clk 0:26:54]}  Rhg7 {[%clk 0:01:06]} 25. cxd5 {[%clk 0:20:04]}  Nxe5 {[%clk 0:01:11]} 26. Qd4 {[%clk 0:18:12]}  Nd7 {[%clk 0:00:35]} 27. dxe6 {[%clk 0:17:19]}  Nb6 {[%clk 0:00:35]} 28. Qe5 {[%clk 0:16:33]}  h3 {[%clk 0:00:41]} 29. e7 {[%clk 0:11:19]}  Re8 {[%clk 0:00:33]} 30. Bc5 {[%clk 0:03:23]}  Nd7 {[%clk 0:00:34]} 31. Qe6 {[%clk 0:03:30]}  hxg2+ {[%clk 0:00:37]} 32. Kg1 {[%clk 0:03:21]}  Qh3 {[%clk 0:00:38]} 33. Rxg2 {[%clk 0:01:11]}  Qh7 {[%clk 0:00:32]} 34. Rxg7 {[%clk 0:00:55]}  Qxg7+ {[%clk 0:00:53]} 35. Rg2 {[%clk 0:01:13]}  Qa1+ {[%clk 0:01:08]} 36. Kf2 {[%clk 0:01:34]}  Qb2+ {[%clk 0:01:12]} 37. Kf3 {[%clk 0:01:18]}  Qh8 {[%clk 0:01:21]} 38. Ba3 {[%clk 0:01:07]}  Qh5+ {[%clk 0:00:57]} 39. Kf2 {[%clk 0:00:41]}  Qh4+ {[%clk 0:01:13]} 40. Kg1 {[%clk 0:00:38]}  Qxf4 {[%clk 0:00:41]} 41. Rg8 {[%clk 0:00:50]}  Qd4+ {[%clk 0:00:36]} 42. Kg2 {[%clk 0:01:00]} 1-0

[Event "45th FIDE Chess Olympiad Open"]
[Site "Budapest, Hungary"]
[Date "2024.09.20"]
[Round "9"]
[White "Kabamwanishi, Mashala"]
[Black "Mompel Ferruz, Xavier"]
[Result "0-1"]
[Board "313"]
[WhiteFideId "21400059"]
[BlackFideId "54585775"]
[WhiteTitle "FM"]
[BlackTitle "FM"]
[WhiteElo "1914"]
[BlackElo "2273"]
[WhiteTeam "Democratic Republic of the Congo"]
[BlackTeam "Equatorial Guinea"]
[WhiteClock "0:30:53"]
[BlackClock "0:44:16"]
[Variant "Standard"]

1. e4 {[%clk 1:30:37]}  c5 {[%clk 1:30:58]} 2. Nf3 {[%clk 1:30:23]}  d6 {[%clk 1:31:23]} 3. d4 {[%clk 1:29:42]}  cxd4 {[%clk 1:31:40]} 4. Nxd4 {[%clk 1:30:09]}  Nf6 {[%clk 1:32:04]} 5. Nc3 {[%clk 1:30:35]}  a6 {[%clk 1:32:30]} 6. Bg5 {[%clk 1:29:11]}  e6 {[%clk 1:32:36]} 7. f4 {[%clk 1:27:05]}  Qb6 {[%clk 1:31:22]} 8. a3 {[%clk 1:27:04]}  Nbd7 {[%clk 1:29:08]} 9. Nb3 {[%clk 1:24:33]}  Be7 {[%clk 1:26:26]} 10. Qf3 {[%clk 1:23:23]}  Qc7 {[%clk 1:25:52]} 11. Bh4 {[%clk 1:07:55]}  h6 {[%clk 1:15:27]} 12. Bf2 {[%clk 1:08:07]}  b5 {[%clk 1:15:32]} 13. Bd3 {[%clk 1:01:45]}  Bb7 {[%clk 1:15:41]} 14. O-O {[%clk 0:57:53]}  g5 {[%clk 1:08:50]} 15. g3 {[%clk 0:46:44]}  g4 {[%clk 1:07:14]} 16. Qe3 {[%clk 0:43:28]}  h5 {[%clk 1:07:14]} 17. Rfe1 {[%clk 0:43:15]}  h4 {[%clk 1:01:17]} 18. gxh4 {[%clk 0:43:03]}  e5 {[%clk 1:00:18]} 19. f5 {[%clk 0:38:44]}  Nh5 {[%clk 0:57:46]} 20. Bg3 {[%clk 0:29:52]}  Bf8 {[%clk 0:54:57]} 21. Rad1 {[%clk 0:25:47]}  Bh6 {[%clk 0:53:33]} 22. Qf2 {[%clk 0:26:15]}  Bc6 {[%clk 0:49:39]} 23. Nd5 {[%clk 0:19:57]}  Bxd5 {[%clk 0:47:38]} 24. exd5 {[%clk 0:20:26]}  Kf8 {[%clk 0:46:08]} 25. Bf1 {[%clk 0:14:37]}  Re8 {[%clk 0:40:39]} 26. Rd3 {[%clk 0:14:50]}  Ndf6 {[%clk 0:38:24]} 27. Bg2 {[%clk 0:08:37]}  Kg7 {[%clk 0:30:26]} 28. Rc3 {[%clk 0:08:53]}  Qd7 {[%clk 0:30:51]} 29. Rc6 {[%clk 0:09:09]}  Nf4 {[%clk 0:30:40]} 30. Rxa6 {[%clk 0:03:40]}  N4xd5 {[%clk 0:27:19]} 31. Ra7 {[%clk 0:03:43]}  Qc8 {[%clk 0:26:46]} 32. Bxd5 {[%clk 0:02:19]}  Nxd5 {[%clk 0:27:12]} 33. f6+ {[%clk 0:02:16]}  Nxf6 {[%clk 0:26:31]} 34. Rf1 {[%clk 0:02:45]}  Qe6 {[%clk 0:26:38]} 35. Rb7 {[%clk 0:02:17]}  Rb8 {[%clk 0:25:32]} 36. Qa7 {[%clk 0:02:33]}  Rxb7 {[%clk 0:25:47]} 37. Qxb7 {[%clk 0:02:59]}  Be3+ {[%clk 0:21:21]} 38. Bf2 {[%clk 0:02:11]}  Bxf2+ {[%clk 0:18:45]} 39. Rxf2 {[%clk 0:02:39]}  Rxh4 {[%clk 0:17:52]} 40. Qxb5 {[%clk 0:01:48]}  Ne4 {[%clk 0:17:55]} 41. Rg2 {[%clk 0:30:17]}  Ng5 {[%clk 0:46:16]} 42. Qe2 {[%clk 0:30:24]}  Nh3+ {[%clk 0:46:35]} 43. Kh1 {[%clk 0:30:39]}  Nf4 {[%clk 0:46:41]} 44. Qe4 {[%clk 0:30:14]}  Nxg2 {[%clk 0:44:31]} 45. Kxg2 {[%clk 0:30:28]}  Qh6 {[%clk 0:43:56]} 46. Kg1 {[%clk 0:30:53]}  g3 {[%clk 0:44:16]} 0-1

[Event "45th FIDE Chess Olympiad Open"]
[Site "Budapest, Hungary"]
[Date "2024.09.20"]
[Round "9"]
[White "Oscar Naranjo Gonzalez"]
[Black "Mimbasa Kutesa, Willy"]
[Result "1-0"]
[Board "314"]
[WhiteFideId "22900241"]
[BlackFideId "21400113"]
[BlackTitle "FM"]
[WhiteElo "1861"]
[BlackElo "1848"]
[WhiteTeam "Equatorial Guinea"]
[BlackTeam "Democratic Republic of the Congo"]
[WhiteClock "0:56:18"]
[BlackClock "0:59:26"]
[Variant "Standard"]

1. e4 {[%clk 1:30:47]}  e5 {[%clk 1:30:24]} 2. Nf3 {[%clk 1:31:06]}  Nf6 {[%clk 1:30:09]} 3. Nc3 {[%clk 1:30:14]}  Nc6 {[%clk 1:29:49]} 4. Bc4 {[%clk 1:28:59]}  h6 {[%clk 1:29:32]} 5. Qe2 {[%clk 1:28:21]}  a6 {[%clk 1:29:07]} 6. a4 {[%clk 1:28:21]}  Bc5 {[%clk 1:29:00]} 7. Bxf7+ {[%clk 1:27:11]}  Ke7 {[%clk 1:27:07]} 8. Ba2 {[%clk 1:25:57]}  d6 {[%clk 1:27:21]} 9. Qc4 {[%clk 1:24:07]}  Qe8 {[%clk 1:25:15]} 10. O-O {[%clk 1:17:39]}  Na5 {[%clk 1:24:50]} 11. Nd5+ {[%clk 1:17:02]}  Nxd5 {[%clk 1:23:47]} 12. Qxd5 {[%clk 1:17:22]}  Nc6 {[%clk 1:22:28]} 13. c3 {[%clk 1:14:40]}  Qg6 {[%clk 1:22:31]} 14. Nh4 {[%clk 1:13:45]}  Qf6 {[%clk 1:22:40]} 15. Nf5+ {[%clk 1:12:11]}  Bxf5 {[%clk 1:22:14]} 16. exf5 {[%clk 1:12:31]}  Nd8 {[%clk 1:19:38]} 17. d4 {[%clk 1:11:57]}  c6 {[%clk 1:19:09]} 18. Qe4 {[%clk 1:11:26]}  Bb6 {[%clk 1:19:15]} 19. Bf4 {[%clk 1:08:51]}  Bc7 {[%clk 1:18:50]} 20. Rfe1 {[%clk 1:08:08]}  Qh4 {[%clk 1:15:16]} 21. dxe5 {[%clk 1:03:42]}  dxe5 {[%clk 1:11:29]} 22. Rad1 {[%clk 1:02:37]}  a5 {[%clk 1:06:18]} 23. Qc4 {[%clk 0:57:56]}  Qf6 {[%clk 1:04:30]} 24. Bxe5 {[%clk 0:55:30]}  Bxe5 {[%clk 1:03:14]} 25. Qc5+ {[%clk 0:55:47]}  Ke8 {[%clk 1:01:22]} 26. Rxe5+ {[%clk 0:55:53]}  Qxe5 {[%clk 1:01:00]} 27. Qxe5+ {[%clk 0:56:04]}  Kf8 {[%clk 0:59:26]} 28. Qd6+ {[%clk 0:56:18]} 1-0

[Event "45th FIDE Chess Olympiad Open"]
[Site "Budapest, Hungary"]
[Date "2024.09.20"]
[Round "9"]
[White "Kasongo Kazadi Olivier"]
[Black "Angel Estanislao Gatjens Capche"]
[Result "1/2-1/2"]
[Board "315"]
[WhiteFideId "21400890"]
[BlackFideId "22900144"]
[WhiteElo "1794"]
[BlackElo "1849"]
[WhiteTeam "Democratic Republic of the Congo"]
[BlackTeam "Equatorial Guinea"]
[WhiteClock "0:33:35"]
[BlackClock "1:12:36"]
[Variant "Standard"]

1. d4 {[%clk 1:29:47]}  d5 {[%clk 1:29:30]} 2. Bf4 {[%clk 1:28:54]}  c5 {[%clk 1:26:45]} 3. e3 {[%clk 1:28:55]}  Nc6 {[%clk 1:26:54]} 4. Bb5 {[%clk 1:24:21]}  Qb6 {[%clk 1:22:45]} 5. Bxc6+ {[%clk 1:22:54]}  bxc6 {[%clk 1:23:05]} 6. b3 {[%clk 1:23:05]}  Nf6 {[%clk 1:23:19]} 7. Nf3 {[%clk 1:22:09]}  Ba6 {[%clk 1:23:39]} 8. Nbd2 {[%clk 1:22:15]}  e6 {[%clk 1:23:32]} 9. Bg5 {[%clk 1:17:42]}  cxd4 {[%clk 1:19:43]} 10. Nxd4 {[%clk 1:16:06]}  Bb4 {[%clk 1:17:58]} 11. Bxf6 {[%clk 1:15:41]}  gxf6 {[%clk 1:18:25]} 12. Qg4 {[%clk 1:10:55]}  Ke7 {[%clk 1:15:12]} 13. Nxc6+ {[%clk 1:10:11]}  Qxc6 {[%clk 1:14:35]} 14. Qxb4+ {[%clk 1:10:38]}  Kd7 {[%clk 1:14:25]} 15. c4 {[%clk 1:05:47]}  Rhc8 {[%clk 1:14:28]} 16. Rd1 {[%clk 1:00:21]}  Rab8 {[%clk 1:14:34]} 17. Qa3 {[%clk 0:59:42]}  Rg8 {[%clk 1:14:48]} 18. Nf3 {[%clk 0:59:22]}  Rxg2 {[%clk 1:13:45]} 19. Rg1 {[%clk 0:57:12]}  Rxg1+ {[%clk 1:13:57]} 20. Nxg1 {[%clk 0:57:39]}  Ke8 {[%clk 1:13:35]} 21. Rd4 {[%clk 0:45:29]}  dxc4 {[%clk 1:11:03]} 22. Rg4 {[%clk 0:43:23]}  Rd8 {[%clk 1:11:24]} 23. Rg8+ {[%clk 0:42:21]}  Kd7 {[%clk 1:11:42]} 24. Rxd8+ {[%clk 0:42:48]}  Kxd8 {[%clk 1:12:04]} 25. Qf8+ {[%clk 0:43:11]}  Kc7 {[%clk 1:11:55]} 26. Qxf7+ {[%clk 0:39:56]}  Kb6 {[%clk 1:12:12]} 27. Qxf6 {[%clk 0:40:23]}  c3 {[%clk 1:12:04]} 28. Qd4+ {[%clk 0:31:40]}  Kb7 {[%clk 1:11:40]} 29. Qg7+ {[%clk 0:31:56]}  Kb6 {[%clk 1:11:48]} 30. Qd4+ {[%clk 0:32:23]}  Kb7 {[%clk 1:12:05]} 31. Qb4+ {[%clk 0:32:47]}  Kc7 {[%clk 1:12:11]} 32. Qe7+ {[%clk 0:33:04]}  Kb6 {[%clk 1:12:17]} 33. Qd8+ {[%clk 0:33:18]}  Kb7 {[%clk 1:12:26]} 34. Qe7+ {[%clk 0:33:35]}  Kb6 {[%clk 1:12:36]} 1/2-1/2

[Event "45th FIDE Chess Olympiad Open"]
[Site "Budapest, Hungary"]
[Date "2024.09.20"]
[Round "9"]
[White "Houssein, Mohamed Bilal"]
[Black "Stratonowitsch, Andre"]
[Result "0-1"]
[Board "317"]
[WhiteFideId "32504241"]
[BlackFideId "24613959"]
[BlackTitle "FM"]
[WhiteElo "1870"]
[BlackElo "2154"]
[WhiteTeam "Djibouti"]
[BlackTeam "Seychelles"]
[WhiteClock "0:05:53"]
[BlackClock "0:08:12"]
[Variant "Standard"]

1. e4 {[%clk 1:30:58]}  c5 {[%clk 1:30:56]} 2. Nf3 {[%clk 1:31:24]}  e6 {[%clk 1:31:23]} 3. d4 {[%clk 1:31:51]}  cxd4 {[%clk 1:31:49]} 4. Nxd4 {[%clk 1:32:17]}  Nc6 {[%clk 1:32:13]} 5. Nc3 {[%clk 1:32:43]}  Qc7 {[%clk 1:32:36]} 6. Be3 {[%clk 1:33:07]}  a6 {[%clk 1:33:01]} 7. Qf3 {[%clk 1:33:26]}  b5 {[%clk 1:32:39]} 8. O-O-O {[%clk 1:31:21]}  Bb7 {[%clk 1:32:46]} 9. Qg3 {[%clk 1:30:18]}  Qxg3 {[%clk 1:31:45]} 10. hxg3 {[%clk 1:30:39]}  Nf6 {[%clk 1:30:38]} 11. f3 {[%clk 1:30:26]}  Bb4 {[%clk 1:29:18]} 12. g4 {[%clk 1:27:42]}  O-O-O {[%clk 1:26:20]} 13. g5 {[%clk 1:26:52]}  Ne8 {[%clk 1:26:19]} 14. a4 {[%clk 1:24:14]}  Bxc3 {[%clk 1:25:25]} 15. bxc3 {[%clk 1:24:32]}  bxa4 {[%clk 1:25:51]} 16. c4 {[%clk 1:22:46]}  d6 {[%clk 1:18:08]} 17. Ne2 {[%clk 1:20:19]}  Ne5 {[%clk 1:08:07]} 18. Nc3 {[%clk 1:19:57]}  Bc6 {[%clk 1:08:05]} 19. Kb2 {[%clk 1:16:29]}  Nd7 {[%clk 1:03:45]} 20. Be2 {[%clk 1:11:21]}  Kc7 {[%clk 0:53:49]} 21. Ka3 {[%clk 1:08:21]}  Rb8 {[%clk 0:52:46]} 22. Rb1 {[%clk 1:04:39]}  Rxb1 {[%clk 0:52:24]} 23. Rxb1 {[%clk 1:05:03]}  f6 {[%clk 0:52:31]} 24. f4 {[%clk 0:59:57]}  g6 {[%clk 0:35:43]} 25. Bd3 {[%clk 0:49:36]}  fxg5 {[%clk 0:30:09]} 26. fxg5 {[%clk 0:49:53]}  Rf8 {[%clk 0:29:50]} 27. Rh1 {[%clk 0:48:25]}  Rf7 {[%clk 0:29:36]} 28. Nxa4 {[%clk 0:47:53]}  Bxa4 {[%clk 0:29:12]} 29. Kxa4 {[%clk 0:48:15]}  Kc6 {[%clk 0:28:33]} 30. Ka5 {[%clk 0:43:54]}  Nc7 {[%clk 0:18:33]} 31. c3 {[%clk 0:39:34]}  Nc5 {[%clk 0:14:39]} 32. Be2 {[%clk 0:35:28]}  e5 {[%clk 0:11:17]} 33. Rb1 {[%clk 0:33:12]}  N7e6 {[%clk 0:10:40]} 34. Rb6+ {[%clk 0:23:22]}  Kc7 {[%clk 0:11:03]} 35. Bg4 {[%clk 0:20:12]}  Rf1 {[%clk 0:10:30]} 36. Rxa6 {[%clk 0:05:40]}  Ra1+ {[%clk 0:08:40]} 37. Kb5 {[%clk 0:05:51]}  Rb1+ {[%clk 0:08:39]} 38. Ka5 {[%clk 0:05:53]}  Nb7+ {[%clk 0:08:12]} 0-1

[Event "45th FIDE Chess Olympiad Open"]
[Site "Budapest, Hungary"]
[Date "2024.09.20"]
[Round "9"]
[White "Bonne, Robin"]
[Black "Omar, Aden Omar"]
[Result "0-1"]
[Board "318"]
[WhiteFideId "9800700"]
[BlackFideId "32502125"]
[WhiteElo "1707"]
[BlackElo "1779"]
[WhiteTeam "Seychelles"]
[BlackTeam "Djibouti"]
[WhiteClock "0:54:13"]
[BlackClock "0:50:08"]
[Variant "Standard"]

1. d4 {[%clk 1:30:56]}  Nf6 {[%clk 1:30:16]} 2. Bf4 {[%clk 1:30:55]}  d5 {[%clk 1:30:00]} 3. e3 {[%clk 1:31:14]}  c5 {[%clk 1:28:13]} 4. c3 {[%clk 1:31:32]}  Nc6 {[%clk 1:27:28]} 5. Nf3 {[%clk 1:30:40]}  Qb6 {[%clk 1:27:20]} 6. Qc1 {[%clk 1:29:09]}  Bf5 {[%clk 1:21:55]} 7. Nbd2 {[%clk 1:28:42]}  e6 {[%clk 1:21:39]} 8. h3 {[%clk 1:28:27]}  h6 {[%clk 1:19:36]} 9. a4 {[%clk 1:27:21]}  Rc8 {[%clk 1:17:32]} 10. Ne5 {[%clk 1:23:45]}  cxd4 {[%clk 1:12:57]} 11. exd4 {[%clk 1:22:14]}  Nxd4 {[%clk 1:12:38]} 12. Bd3 {[%clk 1:18:12]}  Bxd3 {[%clk 1:10:40]} 13. Nxd3 {[%clk 1:18:30]}  Nf5 {[%clk 1:08:28]} 14. a5 {[%clk 1:15:47]}  Qc6 {[%clk 1:05:11]} 15. Ne5 {[%clk 1:13:34]}  Qb5 {[%clk 1:04:15]} 16. c4 {[%clk 1:09:32]}  dxc4 {[%clk 1:01:20]} 17. Ndxc4 {[%clk 1:08:42]}  Bb4+ {[%clk 1:01:04]} 18. Kf1 {[%clk 1:08:13]}  O-O {[%clk 0:59:44]} 19. Kg1 {[%clk 1:08:03]}  Nd4 {[%clk 0:59:32]} 20. Qf1 {[%clk 1:04:11]}  Ne4 {[%clk 0:52:10]} 21. Qd3 {[%clk 1:00:18]}  Qd5 {[%clk 0:51:06]} 22. Kh2 {[%clk 0:55:48]}  Nxf2 {[%clk 0:50:43]} 23. Qg3 {[%clk 0:55:31]}  Nxh1 {[%clk 0:50:29]} 24. Rxh1 {[%clk 0:54:38]}  Rxc4 {[%clk 0:49:49]} 25. Bxh6 {[%clk 0:54:13]}  Nf5 {[%clk 0:50:08]} 0-1

[Event "45th FIDE Chess Olympiad Open"]
[Site "Budapest, Hungary"]
[Date "2024.09.20"]
[Round "9"]
[White "Mohamed Ali Dima"]
[Black "Pillay, Ragul"]
[Result "1-0"]
[Board "319"]
[WhiteFideId "32500173"]
[BlackFideId "9800174"]
[WhiteElo "1761"]
[BlackElo "1633"]
[WhiteTeam "Djibouti"]
[BlackTeam "Seychelles"]
[WhiteClock "0:31:30"]
[BlackClock "0:11:50"]
[Variant "Standard"]

1. e4 {[%clk 1:30:57]}  c5 {[%clk 1:30:46]} 2. d4 {[%clk 1:31:13]}  cxd4 {[%clk 1:30:45]} 3. Nf3 {[%clk 1:31:42]}  g6 {[%clk 1:30:23]} 4. Nxd4 {[%clk 1:27:31]}  Bg7 {[%clk 1:30:12]} 5. Bc4 {[%clk 1:27:00]}  d6 {[%clk 1:27:42]} 6. c3 {[%clk 1:26:40]}  Nf6 {[%clk 1:26:53]} 7. Nd2 {[%clk 1:23:57]}  O-O {[%clk 1:26:12]} 8. h4 {[%clk 1:23:36]}  h5 {[%clk 1:22:50]} 9. N4f3 {[%clk 1:23:25]}  d5 {[%clk 1:19:44]} 10. exd5 {[%clk 1:20:44]}  Nxd5 {[%clk 1:19:22]} 11. Qb3 {[%clk 1:20:03]}  Nf4 {[%clk 1:16:30]} 12. O-O {[%clk 1:19:26]}  Qc7 {[%clk 1:11:09]} 13. Ne4 {[%clk 1:17:37]}  Nc6 {[%clk 1:08:47]} 14. Neg5 {[%clk 1:16:34]}  e6 {[%clk 1:07:44]} 15. Qc2 {[%clk 1:13:42]}  Na5 {[%clk 1:02:59]} 16. Bxf4 {[%clk 1:09:50]}  Qxf4 {[%clk 1:02:24]} 17. Bd3 {[%clk 1:10:06]}  f5 {[%clk 0:58:12]} 18. Rfe1 {[%clk 1:06:45]}  Re8 {[%clk 0:53:45]} 19. b4 {[%clk 1:06:39]}  Nc4 {[%clk 0:52:41]} 20. Qa4 {[%clk 1:01:34]}  Re7 {[%clk 0:50:24]} 21. b5 {[%clk 1:01:42]}  Bxc3 {[%clk 0:48:12]} 22. Bxc4 {[%clk 1:01:36]}  Qc7 {[%clk 0:47:39]} 23. Nxe6 {[%clk 1:01:21]}  Bxe6 {[%clk 0:44:47]} 24. Rxe6 {[%clk 1:01:29]}  Kh7 {[%clk 0:39:24]} 25. Rd1 {[%clk 0:54:01]}  Rae8 {[%clk 0:34:41]} 26. Rdd6 {[%clk 0:51:00]}  Qc5 {[%clk 0:32:45]} 27. Qb3 {[%clk 0:42:41]}  Bb4 {[%clk 0:31:32]} 28. Rd5 {[%clk 0:42:05]}  Qc8 {[%clk 0:31:12]} 29. Ng5+ {[%clk 0:40:19]}  Kh6 {[%clk 0:29:10]} 30. Qe3 {[%clk 0:38:20]}  Rxe6 {[%clk 0:17:23]} 31. Nxe6+ {[%clk 0:38:34]}  Kh7 {[%clk 0:17:28]} 32. Ng5+ {[%clk 0:38:17]}  Kh6 {[%clk 0:16:02]} 33. Nf7+ {[%clk 0:37:02]}  Kg7 {[%clk 0:15:48]} 34. Qd4+ {[%clk 0:34:34]}  Kh7 {[%clk 0:11:50]} 35. Rd7 {[%clk 0:31:30]} 1-0

[Event "45th FIDE Chess Olympiad Open"]
[Site "Budapest, Hungary"]
[Date "2024.09.20"]
[Round "9"]
[White "Kim, Sanker"]
[Black "Gontcharov, Serguei"]
[Result "1/2-1/2"]
[Board "321"]
[WhiteFideId "15800237"]
[BlackFideId "8800871"]
[BlackTitle "CM"]
[WhiteElo "1564"]
[BlackElo "1927"]
[WhiteTeam "Cambodia"]
[BlackTeam "Bermuda"]
[WhiteClock "0:18:08"]
[BlackClock "0:07:40"]
[Variant "Standard"]

1. e4 {[%clk 1:30:56]}  c5 {[%clk 1:30:56]} 2. a3 {[%clk 1:31:22]}  g6 {[%clk 1:30:52]} 3. b4 {[%clk 1:29:35]}  Bg7 {[%clk 1:30:48]} 4. Nc3 {[%clk 1:28:05]}  b6 {[%clk 1:21:53]} 5. bxc5 {[%clk 1:26:17]}  bxc5 {[%clk 1:22:16]} 6. Rb1 {[%clk 1:25:18]}  Nc6 {[%clk 1:21:07]} 7. Nf3 {[%clk 1:21:59]}  Nf6 {[%clk 1:20:48]} 8. g3 {[%clk 1:15:31]}  O-O {[%clk 1:19:49]} 9. Bg2 {[%clk 1:15:53]}  Ba6 {[%clk 1:17:05]} 10. d3 {[%clk 1:14:58]}  Qa5 {[%clk 1:09:25]} 11. Bd2 {[%clk 0:55:51]}  Rfb8 {[%clk 0:59:36]} 12. Nb5 {[%clk 0:49:07]}  Qd8 {[%clk 0:57:41]} 13. a4 {[%clk 0:48:12]}  Bb7 {[%clk 0:55:10]} 14. c4 {[%clk 0:46:46]}  a6 {[%clk 0:52:08]} 15. Nc3 {[%clk 0:47:06]}  Nb4 {[%clk 0:51:18]} 16. Qe2 {[%clk 0:46:20]}  Nc2+ {[%clk 0:41:55]} 17. Kf1 {[%clk 0:45:05]}  Nd4 {[%clk 0:41:24]} 18. Nxd4 {[%clk 0:44:43]}  cxd4 {[%clk 0:41:47]} 19. Nd1 {[%clk 0:41:57]}  Bxe4 {[%clk 0:36:24]} 20. Rxb8 {[%clk 0:38:57]}  Bxg2+ {[%clk 0:36:44]} 21. Kxg2 {[%clk 0:39:18]}  Rxb8 {[%clk 0:36:58]} 22. Re1 {[%clk 0:36:18]}  e6 {[%clk 0:33:37]} 23. Bf4 {[%clk 0:34:41]}  d6 {[%clk 0:27:57]} 24. Qa2 {[%clk 0:31:08]}  e5 {[%clk 0:24:11]} 25. Bd2 {[%clk 0:30:21]}  Qb6 {[%clk 0:23:00]} 26. f3 {[%clk 0:26:25]}  Nd7 {[%clk 0:20:57]} 27. Nf2 {[%clk 0:24:57]}  Nc5 {[%clk 0:20:01]} 28. Ra1 {[%clk 0:21:14]}  Qb3 {[%clk 0:17:04]} 29. Qa3 {[%clk 0:20:01]}  Qxa3 {[%clk 0:15:09]} 30. Rxa3 {[%clk 0:20:25]}  Rb2 {[%clk 0:14:55]} 31. Ba5 {[%clk 0:18:06]}  Bh6 {[%clk 0:14:02]} 32. f4 {[%clk 0:15:09]}  exf4 {[%clk 0:14:02]} 33. g4 {[%clk 0:15:27]}  Bg7 {[%clk 0:11:45]} 34. Bc7 {[%clk 0:15:00]}  Be5 {[%clk 0:11:38]} 35. Kf3 {[%clk 0:14:00]}  Rb4 {[%clk 0:08:29]} 36. a5 {[%clk 0:13:30]}  Rb2 {[%clk 0:05:13]} 37. h4 {[%clk 0:12:18]}  Kf8 {[%clk 0:03:13]} 38. g5 {[%clk 0:10:26]}  Ke7 {[%clk 0:03:13]} 39. Ng4 {[%clk 0:10:27]}  f6 {[%clk 0:02:09]} 40. gxf6+ {[%clk 0:10:37]}  Bxf6 {[%clk 0:00:31]} 41. Nxf6 {[%clk 0:03:54]}  Kxf6 {[%clk 0:00:58]} 42. Bxd6 {[%clk 0:04:13]}  Ne6 {[%clk 0:28:40]} 43. Ra4 {[%clk 0:30:32]}  h6 {[%clk 0:16:41]} 44. c5 {[%clk 0:26:28]}  Rc2 {[%clk 0:09:03]} 45. Bxf4 {[%clk 0:20:21]}  Nxf4 {[%clk 0:07:49]} 46. Kxf4 {[%clk 0:20:43]}  Rxc5 {[%clk 0:08:13]} 47. Rxd4 {[%clk 0:21:03]}  Rf5+ {[%clk 0:07:11]} 48. Ke4 {[%clk 0:18:26]}  Re5+ {[%clk 0:07:40]} 49. Kf4 {[%clk 0:18:08]} 1/2-1/2